000 00555nam a22001817a 4500
005 20231113071112.0
008 231113b |||||||| |||| 00| 0 eng d
020 _a0409050008 ; 0409050016
041 _aEnglish
082 _a346 RAB
100 _aRabie, PJ
_lEnglish
245 _aThe Law of Estoppel in South Africa /
_cPJ Rabie
250 _aFirst Edition
260 _aDurban :
_bButterworth Publishers (Pty) Ltd,
_c1992
300 _bx, 130 pages ;
_c25 cm.
650 _aLegal practice
_bLaw
942 _cBK
_6ALISON_BN_VRIES
999 _c542
_d542